The captain's kidnapped beauty

Bibliographic Details
Main Author: Nicholas, Mary
Format: Book
Published: Richmond : Mills & Boon , 2012
Subjects:

MARC

LEADER 00000cam a2200000 7i4500
001 0000004074
005 20160126.0
020 0 0 |a 9780263892789 
090 0 0 |a 823.92   |b MARY 
100 0 0 |a Nicholas, Mary 
245 1 0 |a The captain's kidnapped beauty   |c Mary Nicholas 
260 0 0 |a Richmond :   |b Mills & Boon ,   |c 2012 
300 |a 363 p. ;   |c 20cm. 
650 0 0 |a English fiction 
998 |a JPSM 
999 |a 007879   |b Monograph   |c Open Shelf   |e Default branch